[Event "DEN-ch 1990"]
[Site "Randers"]
[Date "1990.04.06"]
[Round "1"]
[White "Christensen, Jan"]
[Black "Sogaard, Soren"]
[Result "0-1"]
[WhiteElo "2275"]
[BlackElo "2340"]
[PlyCount "90"]
[EventDate "1990.??.??"]

1. d4 Nf6 2. Nf3 g6 3. Nc3 d5 4. Bf4 Nh5 5. Bg3 Bg7 6. e3 O-O 7. Be2 Bg4 8. Bh4
Nf6 9. h3 Bf5 10. Ne5 c6 11. Bg4 Bc8 12. Bg3 Nxg4 13. hxg4 f6 14. Nd3 Nd7 15.
Qe2 e5 16. O-O-O Re8 17. Qf1 e4 18. Nf4 Nf8 19. Qe2 b5 20. f3 b4 21. Na4 Qa5
22. b3 Ba6 23. Qd2 Bb5 24. fxe4 Bxa4 25. bxa4 Rxe4 26. Kb1 Rae8 27. Rde1 Qxa4
28. Nd3 Qa3 29. Bd6 a5 30. g3 Qc3 31. Qf2 Nd7 32. g5 f5 33. g4 f4 34. Qh2 Rxe3
35. Qxh7+ Kf7 36. Ref1 f3 37. Be5 Nxe5 38. dxe5 Rxd3 39. cxd3 Qxd3+ 40. Kc1
Rxe5 41. Qh2 Re2 42. Qc7+ Ke6 43. Qxc6+ Ke5 44. Qc7+ Ke4 45. Qe7+ Be5 0-1

[Event "DEN-ch 1990"]
[Site "Randers"]
[Date "1990.04.06"]
[Round "1"]
[White "Christensen, Tobias"]
[Black "Pedersen, Finn"]
[Result "1-0"]
[WhiteElo "2255"]
[BlackElo "2300"]
[PlyCount "125"]
[EventDate "1990.??.??"]

1. e4 c6 2. Nc3 d5 3. Nf3 dxe4 4. Nxe4 Bg4 5. h3 Bxf3 6. Qxf3 Nd7 7. g3 Ngf6 8.
d3 e6 9. Qe2 Nxe4 10. dxe4 Bc5 11. Bg2 Qc7 12. Bf4 e5 13. Bd2 Bd4 14. c3 Bb6
15. O-O O-O 16. Kh2 Rad8 17. Rad1 Nc5 18. Bg5 Rxd1 19. Rxd1 Ne6 20. Bc1 Rd8 21.
Rxd8+ Qxd8 22. Bf3 Nc5 23. b4 Ne6 24. Bg4 Qd6 25. Kg2 h6 26. Qd2 Qe7 27. Qd3
Kf8 28. h4 Ke8 29. Qc4 Nd8 30. a4 Qf6 31. f3 Qd6 32. Qe2 a5 33. Qd2 Qxd2+ 34.
Bxd2 Ke7 35. Bc8 Kd6 36. c4 axb4 37. Bxb4+ Bc5 38. Bc3 f6 39. f4 Kc7 40. Bf5
Bd6 41. c5 Bxc5 42. fxe5 Be7 43. exf6 gxf6 44. e5 fxe5 45. Bxe5+ Bd6 46. Bg7
Nf7 47. Bg6 Be5 48. Bf8 Bd6 49. Bxd6+ Nxd6 50. Kf3 Nc4 51. Kf4 Kd6 52. Bf7 Kc5
53. Bxc4 Kxc4 54. g4 Kd5 55. a5 c5 56. g5 hxg5+ 57. hxg5 c4 58. g6 Ke6 59. Ke4
c3 60. Kd3 Kf6 61. Kxc3 Kxg6 62. Kd4 Kf7 63. Kc5 1-0

[Event "DEN-ch 1990"]
[Site "Randers"]
[Date "1990.04.06"]
[Round "1"]
[White "Jacobsen, Bo"]
[Black "Pedersen, Erik"]
[Result "1/2-1/2"]
[WhiteElo "2295"]
[BlackElo "2415"]
[PlyCount "36"]
[EventDate "1990.??.??"]

1. g3 Nf6 2. Bg2 e5 3. d3 c6 4. Nf3 d6 5. O-O Be7 6. a3 a5 7. b3 O-O 8. Bb2 b5
9. e4 Nbd7 10. Nc3 Bb7 11. Re1 Re8 12. Qd2 Bf8 13. Rad1 b4 14. axb4 axb4 15.
Nb1 Qb6 16. Qc1 Qc7 17. Nbd2 d5 18. Re2 dxe4 1/2-1/2

[Event "DEN-ch 1990"]
[Site "Randers"]
[Date "1990.04.06"]
[Round "1"]
[White "Kroll, Ove"]
[Black "Nielsen, Uffe V"]
[Result "1/2-1/2"]
[WhiteElo "2340"]
[BlackElo "2285"]
[PlyCount "38"]
[EventDate "1990.??.??"]

1. c4 c5 2. Nc3 Nc6 3. g3 g6 4. Bg2 Bg7 5. b3 e5 6. Bb2 Nge7 7. d3 O-O 8. Nf3
a6 9. Nd2 Rb8 10. Nf1 Nf5 11. Nd5 d6 12. Nfe3 Nxe3 13. Nxe3 Qa5+ 14. Qd2 Qxd2+
15. Kxd2 Bh6 16. Raf1 Be6 17. Kd1 Ne7 18. Nd5 Nxd5 19. Bxd5 Bxd5 1/2-1/2

[Event "DEN-ch 1990"]
[Site "Randers"]
[Date "1990.04.06"]
[Round "1"]
[White "Larsen, Steen Skovlund"]
[Black "Hoiberg, Nina"]
[Result "1/2-1/2"]
[WhiteElo "2365"]
[BlackElo "2280"]
[PlyCount "33"]
[EventDate "1990.??.??"]

1. d4 d6 2. c4 e5 3. Nf3 e4 4. Ng5 f5 5. Nc3 Nf6 6. e3 Be7 7. Nh3 Be6 8. Nf4
Bf7 9. h4 c6 10. d5 Nbd7 11. b3 Ne5 12. Bb2 Nfg4 13. g3 Nf3+ 14. Ke2 Bf6 15.
Bh3 h5 16. Qc2 Qe7 17. Rad1 1/2-1/2

[Event "DEN-ch 1990"]
[Site "Randers"]
[Date "1990.04.07"]
[Round "2"]
[White "Nielsen, Peter Heine"]
[Black "Christensen, Jan"]
[Result "1-0"]
[WhiteElo "2280"]
[BlackElo "2275"]
[PlyCount "129"]
[EventDate "1990.??.??"]

1. d4 Nf6 2. Nf3 c5 3. d5 g6 4. c4 b5 5. cxb5 a6 6. Nc3 Bg7 7. e4 O-O 8. a4 d6
9. b6 Qxb6 10. a5 Qc7 11. Nd2 e6 12. Be2 exd5 13. exd5 Nbd7 14. Nc4 Ne5 15.
Nxe5 dxe5 16. O-O Bb7 17. Bc4 Rad8 18. Bg5 Rd7 19. Qd2 Re8 20. Rfd1 e4 21. Bf4
Qd8 22. Bb3 Bc6 23. dxc6 Rxd2 24. Rxd2 Qc8 25. c7 Nh5 26. Bd6 Bd4 27. Ba4 e3
28. Bxe8 exd2 29. Nd5 Qe6 30. Rf1 Qxd5 31. c8=Q Qxd6 32. Ba4+ Kg7 33. Qc6 Qxc6
34. Bxc6 Bxb2 35. Bb7 Bc3 36. Bxa6 Bxa5 37. Rb1 Nf6 38. Kf1 Ne4 39. Re1 Nd6 40.
Ke2 Kf6 41. Ra1 Bb4 42. Bd3 Ke5 43. Ra8 Kd4 44. Rd8 c4 45. Bc2 Kc3 46. Kd1 h5
47. h3 Kd4 48. Rb8 Kc5 49. f3 c3 50. g4 hxg4 51. fxg4 Nc4 52. Bb3 Nd6 53. Ke2
f5 54. Rg8 Kd4 55. Rxg6 Nc4 56. Rg8 f4 57. Rd8+ Nd6 58. Bc2 Ke5 59. g5 Nb5 60.
g6 Kf6 61. Rd7 f3+ 62. Kxf3 Bf8 63. Rf7+ Ke5 64. Ke2 Na3 65. Kd3 1-0

[Event "DEN-ch 1990"]
[Site "Randers"]
[Date "1990.04.07"]
[Round "2"]
[White "Pedersen, Erik"]
[Black "Kroll, Ove"]
[Result "1/2-1/2"]
[WhiteElo "2415"]
[BlackElo "2340"]
[PlyCount "31"]
[EventDate "1990.??.??"]

1. d4 d5 2. g3 c6 3. Bg2 Bg4 4. Nf3 Nd7 5. c4 e6 6. O-O Bd6 7. Nc3 Ngf6 8. cxd5
exd5 9. Bf4 Bxf4 10. gxf4 Bxf3 11. Bxf3 O-O 12. e3 Nb6 13. Kh1 Nc4 14. Rg1 Kh8
15. Qc2 Nd6 16. Rg5 1/2-1/2

[Event "DEN-ch 1990"]
[Site "Randers"]
[Date "1990.04.07"]
[Round "2"]
[White "Pedersen, Finn"]
[Black "Nielsen, Uffe V"]
[Result "1/2-1/2"]
[WhiteElo "2300"]
[BlackElo "2285"]
[PlyCount "102"]
[EventDate "1990.??.??"]

1. d4 Nf6 2. Bf4 e6 3. e3 c5 4. c3 Nc6 5. Nd2 d5 6. Bd3 Bd6 7. Bg3 e5 8. dxe5
Nxe5 9. Bb5+ Bd7 10. Bxd7+ Qxd7 11. Qc2 O-O 12. Ngf3 Rfe8 13. Bxe5 Bxe5 14.
Nxe5 Rxe5 15. O-O Rd8 16. Rad1 h6 17. h3 Qc6 18. Rfe1 b5 19. Nf3 Re4 20. Nd2
Re5 21. Re2 a5 22. a4 bxa4 23. Ra1 Rb8 24. Qxa4 Qa6 25. Ree1 Rxb2 26. Nf3 Re4
27. Qxa5 Qxa5 28. Rxa5 Rc4 29. Rc1 Rb3 30. Ra8+ Kh7 31. Rca1 Rb7 32. Rf8 Rxc3
33. Ne5 Re7 34. Nxf7 d4 35. exd4 cxd4 36. Rd1 d3 37. f4 Nd7 38. Rh8+ Kg6 39.
Nd6 Re2 40. Re8 Rxe8 41. Nxe8 Kf5 42. Nxg7+ Kxf4 43. Nh5+ Ke3 44. Ng3 Nc5 45.
Nf1+ Ke2 46. Rd2+ Ke1 47. Ra2 Rc2 48. Ra1+ Ke2 49. Ra8 Ne6 50. Ra6 Nd4 51. Rxh6
d2 1/2-1/2

[Event "DEN-ch 1990"]
[Site "Randers"]
[Date "1990.04.07"]
[Round "2"]
[White "Sogaard, Soren"]
[Black "Larsen, Steen Skovlund"]
[Result "1/2-1/2"]
[WhiteElo "2340"]
[BlackElo "2365"]
[PlyCount "22"]
[EventDate "1990.??.??"]

1. e4 c5 2. Nc3 Nc6 3. g3 g6 4. Bg2 Bg7 5. d3 d6 6. Nf3 e5 7. O-O Nge7 8. Nh4
O-O 9. Be3 Be6 10. f4 exf4 11. gxf4 f5 1/2-1/2

[Event "DEN-ch 1990"]
[Site "Randers"]
[Date "1990.04.08"]
[Round "3"]
[White "Christensen, Jan"]
[Black "Christensen, Tobias"]
[Result "1/2-1/2"]
[WhiteElo "2275"]
[BlackElo "2255"]
[PlyCount "110"]
[EventDate "1990.??.??"]

1. d4 d5 2. Nf3 c5 3. c3 Nc6 4. Bf4 Qb6 5. Qb3 Qxb3 6. axb3 cxd4 7. cxd4 e6 8.
e3 Bd7 9. Be2 Nf6 10. O-O Nh5 11. Bg5 h6 12. Bh4 g5 13. Bg3 Nxg3 14. hxg3 Bg7
15. Nc3 Ke7 16. Nd2 f5 17. f4 g4 18. Kf2 h5 19. Rh1 Bf6 20. Bd3 Nb4 21. Be2 Nc6
22. Bd3 Nb4 23. Be2 a6 24. Rac1 Rac8 25. Na4 h4 26. Nc3 hxg3+ 27. Kxg3 Na2 28.
Nxa2 Rxc1 29. Rxh8 Rc2 30. Rh7+ Kd8 31. Nc4 Rxe2 32. Na5 Rxe3+ 33. Kh2 Bxd4 34.
Nxb7+ Kc7 35. Na5 Re1 36. Nb4 Bg1+ 37. Kg3 Re3+ 38. Kh4 Kb6 39. Rxd7 Kxa5 40.
Nxd5 exd5 41. Rxd5+ Kb4 42. Rxf5 Rxb3 43. Rg5 Bf2+ 44. Kxg4 Rg3+ 45. Kf5 Rxg5+
46. Kxg5 Bd4 47. g4 Bxb2 48. f5 a5 49. Kh6 Kc5 50. g5 Kd6 51. g6 Ke7 52. g7 Kf7
53. f6 Kg8 54. f7+ Kxf7 55. Kh7 Bxg7 1/2-1/2

[Event "DEN-ch 1990"]
[Site "Randers"]
[Date "1990.04.08"]
[Round "3"]
[White "Jacobsen, Bo"]
[Black "Sogaard, Soren"]
[Result "0-1"]
[WhiteElo "2295"]
[BlackElo "2340"]
[PlyCount "86"]
[EventDate "1990.??.??"]

1. c4 Nf6 2. g3 g6 3. Bg2 Bg7 4. Nc3 d6 5. d4 O-O 6. Nf3 c5 7. O-O Nc6 8. d5
Na5 9. Nd2 a6 10. Qc2 Rb8 11. b3 b5 12. Bb2 bxc4 13. bxc4 Bh6 14. f4 e5 15.
Rae1 exf4 16. gxf4 Nh5 17. e3 Bg7 18. Nd1 Bf5 19. e4 Rxb2 20. Nxb2 Bd4+ 21. Kh1
Qh4 22. Qd3 Bg4 23. Nd1 Nxf4 24. Qg3 Qxg3 25. hxg3 Ne2 26. Rf3 Bxf3 27. Nxf3
Nxg3+ 28. Kh2 Nh5 29. Nxd4 cxd4 30. c5 dxc5 31. e5 Nf4 32. Bf3 c4 33. Nf2 c3
34. Kg3 g5 35. Kg4 h6 36. Be4 Nc4 37. d6 Nxe5+ 38. Kf5 Nc4 39. d7 Nd6+ 40. Ke5
Nxe4 41. Nxe4 Rd8 42. Kd6 c2 43. Nc5 Ne6 0-1

[Event "DEN-ch 1990"]
[Site "Randers"]
[Date "1990.04.08"]
[Round "3"]
[White "Kroll, Ove"]
[Black "Hoiberg, Nina"]
[Result "1/2-1/2"]
[WhiteElo "2340"]
[BlackElo "2280"]
[PlyCount "141"]
[EventDate "1990.??.??"]

1. d4 Nf6 2. Nf3 g6 3. Nc3 d5 4. Bf4 c6 5. e3 Bg7 6. Be2 b6 7. Ne5 Nfd7 8. Nf3
Nf6 9. O-O O-O 10. h3 Ba6 11. Bxa6 Nxa6 12. Qe2 Nb8 13. a4 Nbd7 14. Rfd1 Re8
15. Bh2 Qc8 16. a5 Nf8 17. Ra3 N6d7 18. Rb3 Qb7 19. e4 e5 20. dxe5 Nc5 21. Rb4
Na6 22. Rbd4 Ne6 23. R4d2 d4 24. Nxd4 Bh6 25. Rd3 Nac5 26. a6 Qxa6 27. Nxe6
Nxe6 28. Qf3 Rad8 29. Rd6 Bf8 30. Rxd8 Rxd8 31. Rxd8 Nxd8 32. Qd1 Ne6 33. Bg3
Qc4 34. Kh2 Qd4 35. Qe2 a5 36. Nd1 Nc5 37. f3 Bg7 38. Ne3 b5 39. Ng4 a4 40. c3
Qd3 41. Qf2 Nd7 42. Qa7 h5 43. Qa8+ Kh7 44. Nf6+ Nxf6 45. exf6 Bxf6 46. Qxc6
Bg7 47. Qc5 Qe2 48. Qb4 Bf6 49. Qf8 Qc4 50. Qd6 Bg7 51. Be5 Bxe5+ 52. Qxe5 Kg8
53. Qe8+ Kg7 54. Qe7 Qe2 55. e5 Qe3 56. Qf6+ Kg8 57. f4 Qe4 58. h4 Qe3 59. Qg5
Qe4 60. Qd8+ Kg7 61. Qd2 Kg8 62. Kg3 Kg7 63. Kf2 Kh7 64. Qe3 Qc2+ 65. Qe2 Qc1
66. Qxb5 Qxf4+ 67. Kg1 Qe3+ 68. Kh2 Qf4+ 69. g3 Qf2+ 70. Kh3 Qf3 71. Kh2
1/2-1/2

[Event "DEN-ch 1990"]
[Site "Randers"]
[Date "1990.04.08"]
[Round "3"]
[White "Larsen, Steen Skovlund"]
[Black "Nielsen, Peter Heine"]
[Result "1/2-1/2"]
[WhiteElo "2365"]
[BlackElo "2280"]
[PlyCount "49"]
[EventDate "1990.??.??"]

1. d4 Nf6 2. c4 g6 3. Nc3 Bg7 4. e4 d6 5. Nf3 O-O 6. h3 e5 7. d5 Nbd7 8. Bg5 h6
9. Be3 Nc5 10. Qc2 a5 11. g4 Ne8 12. Rg1 f5 13. gxf5 gxf5 14. Bxh6 fxe4 15. Bg5
Nf6 16. Nh4 Kf7 17. f3 Rh8 18. fxe4 Rh5 19. Qg2 Qh8 20. Qf2 Bxh3 21. Ng6 Qh7
22. Nxe5+ dxe5 23. Qxc5 Rxg5 24. Rxg5 Qh4+ 25. Kd1 1/2-1/2

[Event "DEN-ch 1990"]
[Site "Randers"]
[Date "1990.04.08"]
[Round "3"]
[White "Nielsen, Uffe V"]
[Black "Pedersen, Erik"]
[Result "1/2-1/2"]
[WhiteElo "2285"]
[BlackElo "2415"]
[PlyCount "83"]
[EventDate "1990.??.??"]

1. e4 c6 2. d4 d5 3. exd5 cxd5 4. c4 Nf6 5. Nc3 e6 6. cxd5 Nxd5 7. Nf3 Bb4 8.
Qb3 O-O 9. Bd3 Nc6 10. O-O Be7 11. a3 Bf6 12. Rd1 h6 13. Be4 Na5 14. Qa2 Nxc3
15. bxc3 Qc7 16. a4 Bd7 17. Ba3 Rfd8 18. Bb4 Nc6 19. Ba3 Rac8 20. Qe2 Na5 21.
Bb4 Bc6 22. Ne5 Bxe4 23. Qxe4 Nc6 24. Nxc6 Qxc6 25. Qxc6 Rxc6 26. Kf1 Rc4 27.
Rab1 Rd5 28. Ke2 e5 29. Kd3 Rc8 30. Ke4 Rcd8 31. Ba3 exd4 32. Rxb7 Re5+ 33. Kf4
Ra5 34. Be7 g5+ 35. Kf3 Rf5+ 36. Kg4 Rf4+ 37. Kg3 Bxe7 38. Rxe7 Rf8 39. cxd4
Rd8 40. d5 Rxa4 41. d6 Kf8 42. Re3 1/2-1/2

[Event "DEN-ch 1990"]
[Site "Randers"]
[Date "1990.04.09"]
[Round "4"]
[White "Pedersen, Finn"]
[Black "Pedersen, Erik"]
[Result "0-1"]
[WhiteElo "2300"]
[BlackElo "2415"]
[PlyCount "154"]
[EventDate "1990.??.??"]

1. e4 c6 2. d4 d5 3. Nd2 dxe4 4. Nxe4 Nf6 5. Nxf6+ gxf6 6. c3 Bf5 7. Ne2 Nd7 8.
Ng3 Bg6 9. h4 h5 10. Be2 Qa5 11. b4 Qc7 12. Nxh5 e5 13. Be3 O-O-O 14. Ng3 Bd6
15. Nf1 f5 16. dxe5 Bxe5 17. Qb3 Nb6 18. Bxb6 Qxb6 19. Rd1 Rxd1+ 20. Bxd1 Re8
21. Be2 f4 22. Nd2 Qd8 23. Qc4 Qf6 24. O-O Bxc3 25. Bg4+ Kb8 26. Nf3 Re4 27.
Qd3 Rxb4 28. Qd7 a6 29. Rd1 Rb1 30. Ng5 Rxd1+ 31. Bxd1 Qe5 32. Nf3 Qf6 33. Bb3
Ka7 34. Ng5 Qe5 35. Nf3 Qf6 36. Ng5 Qe5 37. Nf3 Qe2 38. Qd6 Ba5 39. Qxf4 Bb6
40. Ne5 Qe1+ 41. Kh2 Bc7 42. Qd4+ Kb8 43. f4 Qxh4+ 44. Kg1 Qe1+ 45. Kh2 Qh4+
46. Kg1 Qe1+ 47. Kh2 c5 48. Qxc5 Qh4+ 49. Kg1 Qe1+ 50. Kh2 Qh4+ 51. Kg1 Qxf4
52. Nd7+ Ka8 53. Nb6+ Bxb6 54. Qxb6 Qd2 55. Qc5 Be4 56. Qf2 Qc1+ 57. Kh2 Qh6+
58. Kg1 f5 59. Qd4 Qg5 60. Qh8+ Ka7 61. Qd4+ b6 62. Qf2 f4 63. Bd1 Qd5 64. Bb3
Qe5 65. Qd2 a5 66. Bd1 Qd5 67. Qxd5 Bxd5 68. a3 b5 69. Kf2 Kb6 70. g3 fxg3+ 71.
Kxg3 Kc5 72. Kf2 Kd4 73. Ke2 Kc3 74. Ke3 Bb3 75. Bg4 a4 76. Ke2 b4 77. axb4 a3
0-1

[Event "DEN-ch 1990"]
[Site "Randers"]
[Date "1990.04.09"]
[Round "4"]
[White "Sogaard, Soren"]
[Black "Kroll, Ove"]
[Result "1/2-1/2"]
[WhiteElo "2340"]
[BlackElo "2340"]
[PlyCount "34"]
[EventDate "1990.??.??"]

1. e4 e6 2. d4 d5 3. exd5 exd5 4. Bd3 Nc6 5. c3 Bd6 6. Qf3 Nf6 7. h3 Qe7+ 8.
Ne2 Be6 9. Bg5 O-O-O 10. Nd2 h6 11. Bxf6 Qxf6 12. Qxf6 gxf6 13. Nf1 Ne7 14. Ne3
Rhg8 15. Kd2 c5 16. g3 Nc6 17. Nf5 Bxf5 1/2-1/2

[Event "DEN-ch 1990"]
[Site "Randers"]
[Date "1990.04.10"]
[Round "5"]
[White "Christensen, Jan"]
[Black "Pedersen, Finn"]
[Result "0-1"]
[WhiteElo "2275"]
[BlackElo "2300"]
[PlyCount "70"]
[EventDate "1990.??.??"]

1. Nf3 d5 2. c4 d4 3. g3 g6 4. Bg2 Bg7 5. O-O e5 6. d3 Ne7 7. b4 O-O 8. Nbd2
Nd7 9. a4 Re8 10. Ba3 Nf8 11. Ne1 Rb8 12. b5 Ne6 13. Qb3 Nf5 14. Rc1 h5 15. Ne4
Bh6 16. Nf3 Bxc1 17. Bxc1 f6 18. c5 Kg7 19. Qa2 Qe7 20. Qd2 Rh8 21. Ba3 h4 22.
g4 h3 23. gxf5 hxg2 24. Rc1 gxf5 25. Ng3 Nf4 26. Bb4 c6 27. e3 Nh3+ 28. Kxg2 f4
29. exf4 Nxf4+ 30. Kh1 Bg4 31. Nxd4 Qd7 32. f3 Qxd4 33. fxg4 Qd5+ 34. Kg1 Qf3
35. Nf5+ Kf8 0-1

[Event "DEN-ch 1990"]
[Site "Randers"]
[Date "1990.04.10"]
[Round "5"]
[White "Jacobsen, Bo"]
[Black "Christensen, Tobias"]
[Result "1-0"]
[WhiteElo "2295"]
[BlackElo "2255"]
[PlyCount "75"]
[EventDate "1990.??.??"]

1. c4 e5 2. g3 c6 3. Bg2 d5 4. cxd5 cxd5 5. Qb3 Nf6 6. Nc3 Nc6 7. e3 Nb4 8. a3
Nd3+ 9. Kf1 Nc5 10. Qc2 d4 11. b4 Ne6 12. Ne4 Be7 13. Bb2 O-O 14. Nf3 Qd5 15.
Nxd4 Nxd4 16. exd4 Qb5+ 17. d3 exd4 18. Qc4 Qxc4 19. dxc4 Bf5 20. Nd2 Bd3+ 21.
Kg1 a5 22. b5 Bc5 23. Bxb7 Rae8 24. Nb3 Ba7 25. Rc1 Rb8 26. Bf3 Rfc8 27. Nxa5
Bc5 28. Kg2 Bf5 29. Nc6 Ra8 30. Bxd4 Bxa3 31. Ra1 Bd6 32. Rxa8 Rxa8 33. c5 Bf8
34. Ne7+ Bxe7 35. Bxa8 Be4+ 36. Bxe4 Nxe4 37. Re1 f5 38. f3 1-0

[Event "DEN-ch 1990"]
[Site "Randers"]
[Date "1990.04.10"]
[Round "5"]
[White "Kroll, Ove"]
[Black "Nielsen, Peter Heine"]
[Result "1-0"]
[WhiteElo "2340"]
[BlackElo "2280"]
[PlyCount "85"]
[EventDate "1990.??.??"]

1. c4 Nf6 2. Nc3 g6 3. e4 d6 4. d4 Bg7 5. f3 O-O 6. Be3 c5 7. dxc5 dxc5 8. Qxd8
Rxd8 9. Bxc5 Nc6 10. Be3 b6 11. Rc1 Bb7 12. Nh3 Nd7 13. Nf2 Nc5 14. Be2 Nd4 15.
b3 f5 16. exf5 Nxf5 17. Bxc5 bxc5 18. Nfe4 Bd4 19. Nb5 Be3 20. Rd1 Nd4 21. Nxd4
Bxe4 22. Ne6 Rxd1+ 23. Bxd1 Bd3 24. Nc7 Rd8 25. Nd5 Bg5 26. Be2 Bb1 27. h4 Bf6
28. Kd2 Bxa2 29. Kc2 Rb8 30. Nxf6+ exf6 31. Ra1 Bxb3+ 32. Kc3 Rb4 33. Rb1 Ba4
34. Rxb4 cxb4+ 35. Kxb4 Bc2 36. Ka5 Kf7 37. Ka6 Ke6 38. Kxa7 Ke5 39. c5 Kf4 40.
c6 Kg3 41. c7 Bf5 42. Kb8 Kxg2 43. Ba6 1-0

[Event "DEN-ch 1990"]
[Site "Randers"]
[Date "1990.04.10"]
[Round "5"]
[White "Nielsen, Uffe V"]
[Black "Sogaard, Soren"]
[Result "1-0"]
[WhiteElo "2285"]
[BlackElo "2340"]
[PlyCount "61"]
[EventDate "1990.??.??"]

1. e4 c5 2. Nf3 e6 3. d4 cxd4 4. Nxd4 a6 5. Bd3 Qc7 6. O-O d6 7. c4 b6 8. b3
Bb7 9. Bb2 Nf6 10. Nc3 Nbd7 11. Qe2 Rc8 12. f4 Qc5 13. Kh1 Qh5 14. Nf3 Ng4 15.
Rae1 Be7 16. Nd5 Bf8 17. h3 Ngf6 18. e5 dxe5 19. fxe5 Nxd5 20. cxd5 Bxd5 21.
Bxa6 Rd8 22. Rd1 Be7 23. Rxd5 exd5 24. e6 Nf6 25. Qb5+ Kf8 26. Ne5 fxe6 27.
Qxb6 Rd6 28. Qb7 Qe8 29. Ba3 Rd7 30. Nxd7+ Kf7 31. Bb5 1-0

[Event "DEN-ch 1990"]
[Site "Randers"]
[Date "1990.04.10"]
[Round "5"]
[White "Pedersen, Erik"]
[Black "Hoiberg, Nina"]
[Result "1-0"]
[WhiteElo "2415"]
[BlackElo "2280"]
[PlyCount "81"]
[EventDate "1990.??.??"]

1. d4 Nf6 2. Nf3 g6 3. c4 c5 4. Nc3 Bg7 5. e4 cxd4 6. Nxd4 d6 7. Be2 Nc6 8. Be3
Bd7 9. O-O O-O 10. Nb3 Ne8 11. c5 Na5 12. Rc1 Nxb3 13. Qxb3 Bc6 14. Rfd1 Qc8
15. h3 Qe6 16. Qxe6 fxe6 17. Bc4 Kf7 18. f3 a6 19. b4 Be5 20. Bb3 Nc7 21. Ne2
Rfd8 22. cxd6 Bxd6 23. Nd4 Bxb4 24. Nxc6 Rxd1+ 25. Bxd1 bxc6 26. Rxc6 Bd6 27.
Bb3 Kf6 28. Bb6 Ne8 29. Ba5 g5 30. e5+ Kxe5 31. Bc3+ Kf4 32. Kf2 g4 33. hxg4
Kg5 34. Bxe6 Nf6 35. Bf5 h5 36. Rxd6 exd6 37. Bd2+ Kh4 38. g3+ Kh3 39. g5+ Ng4+
40. fxg4 Rf8 41. g6 1-0

[Event "DEN-ch 1990"]
[Site "Randers"]
[Date "1990.04.11"]
[Round "6"]
[White "Christensen, Jan"]
[Black "Larsen, Steen Skovlund"]
[Result "1-0"]
[WhiteElo "2275"]
[BlackElo "2365"]
[PlyCount "69"]
[EventDate "1990.??.??"]

1. d4 Nf6 2. Nf3 g6 3. Nc3 d5 4. Bf4 Bg7 5. e3 O-O 6. Be2 c6 7. Ne5 Nbd7 8. h4
h5 9. Qd2 Nxe5 10. Bxe5 b5 11. f3 a5 12. O-O-O Qb6 13. g4 hxg4 14. h5 gxh5 15.
Bd3 a4 16. Qh2 b4 17. Nb1 c5 18. dxc5 Qxc5 19. Qf4 Be6 20. Bxf6 exf6 21. Rxh5
Rfc8 22. Rdh1 Qc7 23. Qxb4 Qc5 24. Qe1 a3 25. b3 f5 26. fxg4 fxg4 27. Kd1 Kf8
28. Qf2 Ra7 29. Qf4 Qc7 30. Qg5 f6 31. Rh8+ Bxh8 32. Rxh8+ Ke7 33. Rh7+ Bf7 34.
Qxd5 Kf8 35. Qd4 1-0

[Event "DEN-ch 1990"]
[Site "Randers"]
[Date "1990.04.11"]
[Round "6"]
[White "Christensen, Tobias"]
[Black "Kroll, Ove"]
[Result "0-1"]
[WhiteElo "2255"]
[BlackElo "2340"]
[PlyCount "126"]
[EventDate "1990.??.??"]

1. e4 e6 2. d4 d5 3. Nc3 Bb4 4. exd5 exd5 5. Bd3 Nc6 6. Nge2 Nge7 7. O-O Bf5 8.
Ng3 Bxd3 9. Qxd3 Bxc3 10. Qxc3 O-O 11. Qd3 Qd7 12. c3 Rfe8 13. Bd2 b6 14. b3
Na5 15. Rae1 Nb7 16. Re5 Nd6 17. Nh5 Ng6 18. Rxd5 c6 19. Rxd6 Qxd6 20. f4 Qe7
21. Ng3 Nf8 22. f5 f6 23. Qc4+ Qf7 24. Qxc6 Rad8 25. Qf3 b5 26. Qg4 Kh8 27. Nh5
Rd7 28. Nf4 Rde7 29. Qf3 Rd7 30. Qd3 a6 31. Rc1 g5 32. fxg6 Nxg6 33. Rf1 Nxf4
34. Bxf4 Qg6 35. Qf3 Qe4 36. Qf2 Qe2 37. Qh4 Rg7 38. Bg3 Qe3+ 39. Kh1 Qg5 40.
Qxg5 Rxg5 41. Rxf6 Re3 42. Kg1 Rxc3 43. Be5 Kg8 44. h4 Rg4 45. Rxa6 Rc2 46. g3
Re4 47. Ra8+ Kf7 48. Ra7+ Ke6 49. Ra6+ Kf5 50. Rf6+ Kg4 51. Rf2 Re1+ 52. Rf1
Rxf1+ 53. Kxf1 Kf3 54. Ke1 Rxa2 55. Kd1 h5 56. Kc1 Ke4 57. Kb1 Rf2 58. Kc1 Kd3
59. Bb8 Rc2+ 60. Kb1 Rc8 61. Be5 Kc3 62. d5+ Kxb3 63. Bf4 Rc3 0-1

[Event "DEN-ch 1990"]
[Site "Randers"]
[Date "1990.04.11"]
[Round "6"]
[White "Nielsen, Peter Heine"]
[Black "Nielsen, Uffe V"]
[Result "1/2-1/2"]
[WhiteElo "2280"]
[BlackElo "2285"]
[PlyCount "48"]
[EventDate "1990.??.??"]

1. e4 g6 2. d4 Bg7 3. c4 d6 4. Nc3 Nc6 5. d5 Nd4 6. Nge2 c5 7. Be3 Nxe2 8. Bxe2
Nf6 9. O-O O-O 10. Qd2 Ng4 11. Bxg4 Bxg4 12. f3 Bd7 13. Bh6 a6 14. Bxg7 Kxg7
15. Rfb1 b5 16. cxb5 axb5 17. b4 Qc7 18. Kh1 Rfc8 19. bxc5 Qxc5 20. Nxb5 Bxb5
21. Qb2+ f6 22. Qxb5 Qxb5 23. Rxb5 Rxa2 24. Rbb1 Rcc2 1/2-1/2

[Event "DEN-ch 1990"]
[Site "Randers"]
[Date "1990.04.11"]
[Round "6"]
[White "Pedersen, Finn"]
[Black "Hoiberg, Nina"]
[Result "1/2-1/2"]
[WhiteElo "2300"]
[BlackElo "2280"]
[PlyCount "134"]
[EventDate "1990.??.??"]

1. d4 Nf6 2. c3 d5 3. Bf4 c6 4. e3 g6 5. Bd3 Bg7 6. h3 O-O 7. Nf3 Nh5 8. Be5
Nf6 9. Nbd2 Nbd7 10. Bh2 c5 11. O-O b6 12. Qb1 a5 13. b4 axb4 14. cxb4 c4 15.
Bc2 b5 16. a4 bxa4 17. Rxa4 Rxa4 18. Bxa4 Nb6 19. Bc2 Bd7 20. Qb2 Qc8 21. Nb1
Qa6 22. Nc3 Ra8 23. Rb1 Bf8 24. Be5 Ne8 25. e4 e6 26. exd5 exd5 27. Bf4 Qa3 28.
Ne5 Qxb2 29. Rxb2 Be6 30. Nc6 Ra3 31. Nd1 Nd6 32. b5 Ra1 33. Kh2 Ndc8 34. Nc3
Ba3 35. Rb1 Rxb1 36. Nxb1 Bb2 37. Bd2 Bd7 38. Bc3 Bxc3 39. Nxc3 Bxc6 40. bxc6
Na7 41. c7 Kf8 42. Kg3 Ke7 43. Kf4 Kd6 44. Kg5 Kxc7 45. Kh6 Nc6 46. Ne2 Nb4 47.
Bd1 Nd3 48. f4 Kd7 49. f5 Ke7 50. Kxh7 g5 51. Kg7 f6 52. Nc3 Ne1 53. g3 Ng2 54.
Bf3 Ne3 55. Kg6 Nc2 56. Bxd5 Nxd4 57. Bg2 Nc2 58. h4 gxh4 59. gxh4 Ne3 60. Be4
Nd7 61. Kg7 Nc5 62. Kg6 Nxe4 63. Nxe4 Ng4 64. Nc3 Kd6 65. h5 Ke5 66. Nd1 Kf4
67. Nc3 Ke5 1/2-1/2

[Event "DEN-ch 1990"]
[Site "Randers"]
[Date "1990.04.11"]
[Round "6"]
[White "Sogaard, Soren"]
[Black "Pedersen, Erik"]
[Result "1/2-1/2"]
[WhiteElo "2340"]
[BlackElo "2415"]
[PlyCount "22"]
[EventDate "1990.??.??"]

1. e4 c6 2. d4 d5 3. e5 Bf5 4. c4 e6 5. Nc3 dxc4 6. Bxc4 Nd7 7. Nge2 Nb6 8. Bb3
Ne7 9. O-O Qd7 10. a4 Nbd5 11. f4 Bg6 1/2-1/2

[Event "DEN-ch 1990"]
[Site "Randers"]
[Date "1990.04.12"]
[Round "7"]
[White "Hoiberg, Nina"]
[Black "Sogaard, Soren"]
[Result "0-1"]
[WhiteElo "2280"]
[BlackElo "2340"]
[PlyCount "126"]
[EventDate "1990.??.??"]

1. e4 c5 2. Nf3 e6 3. b4 b6 4. c3 Bb7 5. Bd3 Nf6 6. e5 Ne4 7. a3 Ng5 8. Nh4 Nc6
9. f4 Nh3 10. Qg4 Nxf4 11. Qxf4 g5 12. Qe3 gxh4 13. Be4 Qc7 14. O-O d5 15. exd6
Bxd6 16. Qh3 O-O-O 17. bxc5 Bxc5+ 18. Kh1 f5 19. d4 Bd6 20. Bf3 Ne7 21. Bg5
Rhg8 22. Bxh4 Bxf3 23. Qxf3 Rg4 24. Bf6 Rdg8 25. Ra2 Nd5 26. Be5 Bxe5 27. dxe5
Qxe5 28. Re2 Re4 29. Rxe4 Qxe4 30. Qxe4 fxe4 31. Re1 Rg4 32. g3 e3 33. Kg2 Kd7
34. Kf3 Rc4 35. Ke2 Kd6 36. Kd3 b5 37. Rf1 Rc7 38. Rf8 e2 39. Kxe2 Nxc3+ 40.
Nxc3 Rxc3 41. Rb8 Kc5 42. Rb7 Rxa3 43. Rxh7 b4 44. g4 b3 45. Rb7 Kc6 46. Rb8
Kc7 47. Rb5 a6 48. Rb4 a5 49. Rb5 a4 50. Kd3 Ra2 51. Kc3 Rxh2 52. g5 Rg2 53.
Kb4 Rg4+ 54. Ka3 Kd7 55. Ra5 Kd6 56. Rb5 e5 57. Rb6+ Kd5 58. g6 Kc5 59. Re6 Kd5
60. Rb6 Rg1 61. Ra6 e4 62. Rxa4 e3 63. Ra5+ Kd4 0-1